000 00722 a2200217 4500
003 MN-UlNLM
005 20220422174940.0
008 a130t1983 mp ||||| |||| 00|mon d
040 _aМонгол Улсын Үндэсний номын сан
084 _a78.3я2
_2NNA
_bБ 34
_q7
100 1 _aБаянзул М.
245 0 _aИ.В.Сталины нэрэмжит УННС-ийн товч танилцуулга
_cРед. Ш.Нацагдорж, Ш.Базар
250 _a1
260 1 _c1983
_aУБ
_bУХГ
300 _a34x
546 _aMongolia
653 _aСоёл, шинжлэх ухаан боловсрол
_aНомын сангийн ажил
856 _aprintbook
942 _cBK
999 _c48482
_d48482